Online
Catalog

Teatro : (Record no. 12503)

MARC details
000 -CABECERA
campo de control de longitud fija 00844nam a2200277 a 4500
001 - NÚMERO DE CONTROL
campo de control 000012855
005 - FECHA Y HORA DE LA ÚLTIMA TRANSACCIÓN
campo de control 20200929163104.0
008 - DATOS DE LONGITUD FIJA--INFORMACIÓN GENERAL
campo de control de longitud fija 091117s1956 ag 001 0 spa d
040 ## - FUENTE DE LA CATALOGACIÓN
Centro catalogador/agencia de origen DO-SdBNP
Lengua de catalogación spa
Centro/agencia transcriptor BNPHU
082 ## - NÚMERO DE LA CLASIFICACIÓN DECIMAL DEWEY
Número de clasificación 842.914
Número de documento/Ítem A615t
049 ## - FONDOS LOCALES (OCLC)
Fondos de biblioteca BNGR
100 1# - ENTRADA PRINCIPAL--NOMBRE DE PERSONA
Nombre de persona Anouilh, Jean,
Fechas asociadas al nombre 1910-1987
9 (RLIN) 29734
240 10 - TÍTULO UNIFORME
Título uniforme Nouvelles pièces noires
Lenguaje de la obra Español
245 10 - MENCIÓN DE TÍTULO
Título Teatro :
Resto del título nuevas piezas negras /
Mención de responsabilidad, etc. Jean Anouilh.
246 00 - FORMA VARIANTE DE TÍTULO
Título propio/Titulo breve Jezabel
246 00 - FORMA VARIANTE DE TÍTULO
Título propio/Titulo breve Antígona
246 00 - FORMA VARIANTE DE TÍTULO
Título propio/Titulo breve Romeo y Jeannette
246 00 - FORMA VARIANTE DE TÍTULO
Título propio/Titulo breve Medea
260 ## - PUBLICACIÓN, DISTRIBUCIÓN, ETC.
Lugar de publicación, distribución, etc. Buenos Aires :
Nombre del editor, distribuidor, etc. Losada,
Fecha de publicación, distribución, etc. 1956.
300 ## - DESCRIPCIÓN FÍSICA
Extensión 249 p. ;
Dimensiones 21 cm.
490 1# - MENCIÓN DE SERIE
Mención de serie Gran teatro del mundo
534 ## - NOTA SOBRE LA VERSIÓN ORIGINAL
Frase introductoria Título original en francés:
Mención de título del original Nouvelles pièces noires
650 #4 - PUNTO DE ACCESO ADICIONAL DE MATERIA--TÉRMINO DE MATERIA
Término de materia o nombre geográfico como elemento de entrada Teatro español
9 (RLIN) 3071
650 #4 - PUNTO DE ACCESO ADICIONAL DE MATERIA--TÉRMINO DE MATERIA
Término de materia o nombre geográfico como elemento de entrada Literatura española
Subdivisión cronológica SIGLO XX
9 (RLIN) 3326
830 #0 - PUNTO DE ACCESO ADICIONAL DE SERIE-TÍTULO UNIFORME
Título uniforme Gran teatro del mundo
9 (RLIN) 29735
Holdings
Estado de retiro Estado de pérdida Restricciones de uso No para préstamo Código de colección Localización permanente Ubicación/localización actual Ubicación en estantería Fecha de adquisición Número de inventario Total de préstamos Signatura topográfica completa Código de barras Fecha visto por última vez Precio válido a partir de Tipo de ítem Koha
    Préstamo interno   Monografías: Libros y Folletos General General En catalogación 17.11.2009 LF1   842.914 A615t 12855-10 25.06.2020 25.06.2020 Préstamo interno

Powered by Koha